000 00708nam a2200205Ia 4500
003 GCL
008 140319s9999 xx 000 0 ara d
040 _aGCL /
_cGCL
082 0 4 _a324.21
_bس ن
100 1 _aسعاد الشرقاوى
245 1 0 _aنظم الانتخابات فى العالم وفى مصر /
_cسعاد الشرقاوى
700 1 _aعبدالله ناصف
250 _aالثانية
260 _aالقاهرة :
_bدار النهضة العربية ،
_c1994
300 _a571 ص ؛
_c24 سم
650 0 4 _aالانتخابات - مصر
650 0 4 _aالانتخابات - قوانين وتشريعات
650 0 4 _aالانتخابات - العالم
942 _2ddc
_cBK
999 _c34835
_d34835